| 000 | 01024nam a2200265Ia 4500 | ||
|---|---|---|---|
| 003 | OSt | ||
| 005 | 20220923211053.0 | ||
| 006 | a|||||r|||| 00| 0 | ||
| 007 | ta | ||
| 008 | ORI | ||
| 020 |
_a8177142089 (hbk) _c100 |
||
| 024 | _a245,274 | ||
| 037 |
_b370, 11/02/2011, Swaraj Prakashan _cTextual |
||
| 040 |
_aARTS _cARTS _bORI |
||
| 041 |
_2ORI _aORI |
||
| 082 | _aO1591,1N45x, 152P6 | ||
| 100 |
_aहरप्रसाद दास; त्रिपाठी, प्रभात, अनु. _9157866 |
||
| 245 | 0 | _aअपार्थिव प्रेम कविता | |
| 246 | _aApārthiv prem kavitā | ||
| 260 |
_aनई दिल्ली _b प्रकाशन संस्थान _c2006 |
||
| 300 |
_a102पृ0 _ccm. |
||
| 650 |
_aउड़िया साहित्य _9156264 |
||
| 942 |
_hO1591,1N45x, 152P6 _cTEXL _2CC |
||
| 999 |
_c294809 _d294809 |
||